Ella Jane Nothing Else I Could Do Lyrics - Statistics

General Stats
  • This quiz has been taken 5 times
  • The average score is 215 of 255
Answer Stats
Answer % Correct
a
100%
and
100%
babe
100%
be
100%
call
100%
'cause
100%
could
100%
could)
100%
deleted
100%
do
100%
else
100%
for
100%
have
100%
I
100%
in
100%
into
100%
it
100%
money
100%
must
100%
nothing
100%
oh
100%
(oh)
100%
promise
100%
room
100%
see
100%
smiled
100%
swear
100%
the
100%
them
100%
there
100%
there's
100%
(There's
100%
up
100%
waited
100%
walk
100%
way
100%
you
100%
your
100%
all
67%
asleep
67%
because
67%
bottles
67%
bruises
67%
but
67%
by
67%
can
67%
couldn't
67%
dance
67%
drink
67%
fell
67%
find
67%
fire
67%
high
67%
house
67%
hundred
67%
is
67%
just
67%
laugh
67%
left
67%
look
67%
made
67%
me
67%
message
67%
might
67%
mine
67%
miss
67%
missed
67%
mistake
67%
my
67%
name
67%
nape
67%
neck
67%
never
67%
of
67%
on
67%
or
67%
phone
67%
reading
67%
shape
67%
so
67%
songs
67%
started
67%
that
67%
theirs
67%
they
67%
times
67%
Times
67%
to
67%
told
67%
two
67%
voice
67%
was
67%
weight
67%
were
67%
weren't
67%
wine
67%
words
67%
would
67%
wrecked
67%
you're
67%
back
33%
blame
33%
broke
33%
car
33%
crashing
33%
crying
33%
fight
33%
I'm
33%
knuckles
33%
now
33%
taking
33%
then
33%
world
33%
No matching quizzes found
Score Distribution
Percent of People with Each Score
Percentile by Number Answered
Your Score History
You have not taken this quiz